000 00614nas a22001697a 4500
008 120704t20039999AG ||||| |||| 00| 0 SPA d
022 _a16682815
245 _aAtención Primaria de la Salud
_cMinisterio de Salud
260 _aBuenos Aires :
_bMinisterio de Salud de la Nación,
_c2003
300 _av. :
546 _aTexto en español
590 _aExistencias: 2003 1(1-6); 2004 1(7) 2(8-15); 2005 3(16) 3(17,18); 2006 3(22); 2007 4(24)
590 _aIndizada en: Biblioteca virtual en Salud (BINACIS), LILACS
650 _aATENCION PRIMARIA
_91742
856 _uhttp://www.remediar.gov.ar
942 _2ddc
_cCR
999 _c1060
_d1060